Central Library OPAC University of Rajshahi

Basic neurochemistry / (Record no. 11742)

MARC details
000 -LEADER
fixed length control field 00845cam a2200253 4500
001 - CONTROL NUMBER
control field 11742
003 - CONTROL NUMBER IDENTIFIER
rucl marc code BD-RjUL
005 - DATE AND TIME OF LATEST TRANSACTION
control field 20211208235156.0
008 - FIXED-LENGTH DATA ELEMENTS--GENERAL INFORMATION
fixed length control field 140127s1972 maua b 101 0 eng
020 ## - INTERNATIONAL STANDARD BOOK NUMBER
International Standard Book Number 0316020508
035 ## - SYSTEM CONTROL NUMBER
System control number (BD-RjUL)11791
040 ## - CATALOGING SOURCE
Original cataloging agency DLC
Transcribing agency DLC
Modifying agency BD-RjUL
Language of cataloging eng
041 ## - LANGUAGE CODE
Language code of text/sound track or separate title eng
082 00 - DEWEY DECIMAL CLASSIFICATION NUMBER
Classification number 612.8042
Author mark and year BAS 1972
245 00 - TITLE STATEMENT
Title Basic neurochemistry /
Statement of responsibility, etc. edited by R. Wayne Albers... [et. al.].
260 ## - PUBLICATION, DISTRIBUTION, ETC. (IMPRINT)
Place of publication, distribution, etc. Boston :
Name of publisher, distributor, etc. Little, Brown,
Date of publication, distribution, etc. c1972.
300 ## - PHYSICAL DESCRIPTION
Pagination xvii, 692 p. :
Illustrations illus. ;
Size 24 cm.
500 ## - GENERAL NOTE
General note Developed from a syllabus constructed at a Conference on Neurochemistry Curriculum held June 19-20, 1969, in New York.
504 ## - BIBLIOGRAPHY, ETC. NOTE
Bibliography, etc Includes bibliographies and index.
650 #0 - SUBJECT ADDED ENTRY--TOPICAL TERM
Topical term or geographic name as entry element Neurochemistry.
9 (RLIN) 36348
700 1# - ADDED ENTRY--PERSONAL NAME
Personal name Albers, R. Wayne,
Fuller form of name (Robert Wayne),
Relator term ed.
942 ## - ADDED ENTRY ELEMENTS (KOHA)
Source of classification or shelving scheme Dewey Decimal Classification
Koha item type Books
Holdings
Lost status Source of classification or shelving scheme Damaged status Not for loan Collection code Permanent Location Current Location Shelving location Date acquired Source of acquisition Total Checkouts Full call number Date last seen Copy number Koha item type
  Dewey Decimal Classification   Not For Loan Non-fiction Central Library, University of Rajshahi Central Library, University of Rajshahi Reading Room   Canada   612.8042 BAS 1972 27/01/2014 C-1 Books